000 00481nam a22001337a 4500
040 _cNUST
082 _a200 THE
100 _aRizwan Ullah Khan
_984406
110 _aSupervisor Dr. Waqar Shahid Qureshi Co-Supervisor Dr. Muhammad Usman Akram
_984407
245 _aTH-SOF-1894-Personality Identification Through Facial Features by Using Neural Networks for Pakistani People
260 _aISLAMABAD:
_bNUST COLLEGE OF EME,
_c2021.
650 _aMS-MTS-17
_984408
942 _2ddc
_cTHE
999 _c586838
_d586838